00717nam a2200217 i 4500001000700000003000900007005001700016007000300033008004100036100001900077245007400096260006100170300004700231500006300278650003200341700002300373710002900396740002200425740002100447852003100468149075ES-MaACL20230906202934.0t|070214s1987 xxk r ||||1| eng d1 aSwan, Michael.14aThe Cambridge English Course 3 / cMichael Swan and Catherine Walter. aCambridge [etc.] : bCambridge University Press, c1987. a2 v. : bil. ; c25 cm + e4 audiocasetes. aContiene: I . Student's book 3 ----- II . Practice book 3.04aLengua inglesa-vMétodos.1 aWalter, Catherine.2 aUniversity of Cambridge.0 aStudent's book 3.0 aPractice book 3. aES-MaACLjP-571 bR.114762